¿Discapacitadas nosotras? experiencias de exclusión y discriminación en los cuerpos: anormalidad, transgresión, fuga /
שמור ב:
| מחבר ראשי: | |
|---|---|
| מחברים אחרים: | , , |
| פורמט: | Texto |
| תגים: |
הוספת תג
אין תגיות, היה/י הראשונ/ה לתייג את הרשומה!
|
MARC
| LEADER | 00000 a a2200000 04500 | ||
|---|---|---|---|
| 001 | 46647 | ||
| 003 | |||
| 040 | |||
| 100 | |a Ramírez, Aydée | ||
| 245 | |a ¿Discapacitadas nosotras? experiencias de exclusión y discriminación en los cuerpos: |b anormalidad, transgresión, fuga / |c Aydée Ramírez, Natalia Moreno, Jana Montllor, Leonardo Bejarano | ||
| 700 | |a Moreno, Natalia | ||
| 700 | |a Montllor, Jana | ||
| 700 | |a Bejarano, Leonardo | ||
| 773 | |g número38 ( , 2013), páginas 151-165 | ||
| 999 | |c 32627 |d 32627 | ||
